Score 0/20 Timer 06:00
4 Plays Today
Rank City % Correct
1Oklahoma City
99.3%
2Tulsa
93.6%
3Norman
72.4%
4Broken Arrow
55.6%
9Stillwater
50.7%
10Enid
48.4%
6Lawton
42%
5Edmond
41.7%
7Moore
35.2%
11Muskogee
31.4%
Rank City % Correct
8Midwest City
26.4%
17Ardmore
23.6%
13Bartlesville
23.4%
14Shawnee
21.5%
15Yukon
21%
18Ponca City
20.5%
12Owasso
17.9%
19Jenks
17.5%
20Duncan
13.9%
16Bixby
13.9%
Remove Ads.
Support Sporcle.
Get the best of Sporcle when you Go Orange. This ad-free experience offers more features, more stats, and more fun while also helping to support Sporcle. Thank you for becoming a member.

You're not logged in!

Compare scores with friends on all Sporcle quizzes.
OR
Log In

Show Comments

Extras

Top Quizzes Today


Score Distribution

Your Account Isn't Verified!

In order to create a playlist on Sporcle, you need to verify the email address you used during registration. Go to your Sporcle Settings to finish the process.

Report this User

Report this user for behavior that violates our Community Guidelines.

Details: